Šumarstvo 1982

Gespeichert in:
Bibliographische Detailangaben
Format: Buch
Sprache:Serbisch
Veröffentlicht: Beograd Savezni zavod za statistiku 1985
Schriftenreihe:Statistički bilten broj 1389
Tags: Tag hinzufügen
Keine Tags, Fügen Sie das erste Tag hinzu!

MARC

LEADER 00000nam a2200000 4500
001 c103558
005 20250701083648.1
041 0 |a srp 
044 |a YU 
245 1 0 |a Šumarstvo 1982 
264 1 |a Beograd  |b Savezni zavod za statistiku  |c 1985 
300 |a 48 s. 
490 1 |a Statistički bilten  |v broj 1389 
830 0 |a Statistički bilten  |v broj 1389